000 00910nam a2200229 a 4500
001 41133
003 BD-RjUL
005 20211209053332.0
008 160516s2008 bg ||||| |||| 00| 0 ben d
020 _a9840747260
_c: 9.00
035 _a(BD-RjUL)41249
040 _aBD-RjUL
_bben
_cBD-RjUL
041 _aben
082 _223
_a891.4409
_bSAR 2008
100 _aসরকার, শিপ্রা
_9126532
245 1 0 _aরবীন্দ্রনাথের শিক্ষাদর্শনে উন্নায়ন-ভাবনা /
_cশিপ্রা সরকার
260 _aঢাকা :
_bবাংলা একাডেমী,
_c২০০৮
300 _a১১৬ পৃ. ;
_c২১ সেমি.
650 _aবাংলা সাহিত্য
_vইতিহাস ও সমালোচনা
_9117445
650 _aBengali Literature
_vHistory criticism
_9120452
942 _2ddc
_cBK
999 _c41133
_d41133